Zdeněk Beran : post retrospektiva = post retrospective : [AJG, Hluboká nad Vltavou, 21.4.-26.8.2007 /

Hlavní autor: Beran, Zdeněk, 1937-2014
Korporativní autor: Alšova jihočeská galerie (Hluboká nad Vltavou, Česko)
Další autoři: Tetiva, Vlastimil, 1951-
Jazyk: Čeština
Angličtina
Vydáno: V Hluboké nad Vltavou : Alšova jihočeská galerie, [2007]
Témata:
Fyzický popis: [6] s. : barev. il. ; 23 cm
Language note: Souběžný anglický text
Knihy
Uloženo v:
LEADER 01954nam a2200517 a 4500
001 nkc20071717535
003 CZ PrNK
005 20090917124922.0
007 ta
008 070425s2007 xr a e c 000 0dcze
015 |a cnb001717535 
020 |a 978-80-86952-13-0  |q (skládanka)  |z 80-86952-13-4 
035 |a (OCoLC)186973170 
040 |a BOA001  |b cze  |d ABA001 
041 1 |a cze  |a eng  |h cze 
043 |a e-xr--- 
045 |a x8y0 
072 7 |a 72/76  |x Výtvarné umění  |2 Konspekt  |9 21 
080 |a 72/76(437.3)  |2 MRF 
080 |a 7.036/.038  |2 MRF 
080 |a (437.3)  |2 MRF 
080 |a (083.824)  |2 MRF 
100 1 |a Beran, Zdeněk,  |d 1937-2014  |7 jn19990209045  |4 art 
245 1 0 |a Zdeněk Beran :  |b post retrospektiva = post retrospective : [AJG, Hluboká nad Vltavou, 21.4.-26.8.2007 /  |c text v katalogu Vlastimil Tetiva] 
246 3 0 |a Post retrospektiva 
246 3 0 |a Post retrospective 
260 |a V Hluboké nad Vltavou :  |b Alšova jihočeská galerie,  |c [2007] 
300 |a [6] s. :  |b barev. il. ;  |c 23 cm 
500 |a 300 výt. 
546 |a Souběžný anglický text 
600 1 7 |a Beran, Zdeněk,  |d 1937-2014  |7 jn19990209045  |2 czenas 
648 7 |a 20.-21. století  |7 ch462155  |2 czenas 
650 0 7 |a české výtvarné umění  |7 ph116865  |y 20.-21. stol.  |2 czenas 
650 0 7 |a moderní umění  |7 ph115340  |z Česko  |2 czenas 
650 0 9 |a Czech art  |y 20th-21st centuries  |2 eczenas 
650 0 9 |a modern art  |z Czechia  |2 eczenas 
655 7 |a katalogy výstav  |7 fd132536  |2 czenas 
655 9 |a exhibition catalogs  |2 eczenas 
700 1 |a Tetiva, Vlastimil,  |d 1951-  |7 jn20001227066  |4 aut 
710 2 |a Alšova jihočeská galerie (Hluboká nad Vltavou, Česko)  |7 kn20010724031 
910 2 |a BOA001  |b 2-1186.149 
928 9 |a Alšova jihočeská galerie v Hluboké nad Vltavou 
990 |a BK 
995 |a 01 
991 |b 200705  |c NOV 
996 6 |b 2610310729  |c 2-1186.149  |l MZK  |r Sklad / do 1 hodiny  |n 1  |p p.v.  |w 000848996  |u 000010  |a 1  |e BOA001  |j MZK50  |s P